000 01472nam a2200253Ia 4500
003 Ost
005 20260507075455.0
008 260507s9999||||xx |||||||||||||| ||und||
020 _a6279329957
040 _cfsecg
041 _aara
082 _a658.03
100 _aالنجار، فايز جمعه صالح
_eمؤلف
245 0 _aنظم المعلومات الادارية /
_c فايز جمعه صالح النجار
250 _aطبعة 2
260 _aعمان:
_bدار الحامد للنشر و التوزيع,
_c2007
300 _a407 صفحة؛
_c24 سم
504 _aبيبليوغرافيا ص.359 ملاحق ص.371
520 _aيتناول هذا الكتاب مايلي نظم المعلومات الادارية : تالمفهوم والطبيعة ، نظم المعلومات والمنظمات ، النظم من منظور وظيفي ، نظم الإسناد الإدارية ، قواعد البيانات ، الاتصالات والشبكات ، أمن المعلومات والمسؤوليات الأخلاقية والاجتماعية ، التخطيط الاستراتيجي لنظم المعلومات الإدارية ، منهجية تطوير نظم المعلومات الادارية نظم المعلومات في عصر العولمة
653 _aادارة الاعمال
653 _aالمعلومات الادارية
653 _aنظم المعلومات- المؤسسة الممتدة
942 _cكتاب
999 _c44659
_d44659